zpět

Detail výsledku týmu

U Opata, Pardubice

Datum a čas kvízu

31 Celkem bodů Celkový počet nahraných bodů na tomto kvízu bez doplňovacích otázek.
6. Pořadí na kvízu Konečné umístění týmu na tomto kvízu.

Zaznamenané odpovědi

# Otázka Odpověď Body Výsledky
1. Zdravotní pojišťovny zveřejnil... 0
2. Do prodejny mobilů přišla žena... 0
3. Umělkyně Kateřina Šedá chystá... 0
4. Minulý týden byla vydána další... 1
5. Oscara získal minulý týden i j... 1
6. V tomto tématu si posvítíme na... 1
7. Které jsou nejrozšířenější jaz... 0.5
8. Největší jezera na světě co do... 1
9. Státy Jižní Ameriky podle počt... 0.5
10. Evropské země podle rozlohy: 1... 0